Domains of wonder: Selected masterworks of Indian painting (Record no. 2690)

MARC details
000 -LEADER
fixed length control field 00507nam a2200169Ia 4500
008 - FIXED-LENGTH DATA ELEMENTS--GENERAL INFORMATION
fixed length control field 230917s9999||||xx |||||||||||||| ||und||
020 ## - ISBN
Price GBP 33.00 (RS 3387.45)
040 ## - CATALOGING SOURCE
-- 5003922
Original cataloging agency VIVEKANANDA LIBRARY
041 ## - Language
-- English
082 ## - DDC NUMBER
Classification number 759.954074794985 G699D
100 ## - MAIN ENTRY--PERSONAL NAME
Personal name Goswamy, B N
245 #0 - TITLE STATEMENT
Title Domains of wonder: Selected masterworks of Indian painting
260 ## - PUBLICATION, DISTRIBUTION, ETC. (IMPRINT)
Place of publication, distribution, etc San Diego
Name of publisher, distributor, etc San Diego Museum of Art
Date of publication, distribution, etc 2005
300 ## - PHYSICAL DESCRIPTION
Pages 303 p.
500 ## - GENERAL NOTE
General note 4109 11/10/2021 SBD22/1168 16/12/2021 Main Budget
942 ## - ADDED ENTRY ELEMENTS (KOHA)
Koha item type Books
Holdings
Withdrawn status Lost status Damaged status Not for loan Location (home branch) Sublocation or collection (holding branch) Date acquired Koha issues (times borrowed) Koha full call number Accession No. Koha date last seen Koha item type
        VIVEKANANDA LIBRARY VIVEKANANDA LIBRARY 02/02/2022   759.954074794985 G699D 398590 17/09/2023 Books
© Designed and Maintained by Vivekananda Library, MDU Rohtak